00522nam a2200193 a 4500001001300000003000900013005001700022008004100039020001000080082001900090100002300109245003000132260005600162300000800218500003500226505002800261650001600289700002300305nice12345678IN_TiNIC20260116015203.0050524s1998 muma grp 000 0 eng  ac10000a305.40954bDIE aDietrich, Gabriele aSurvival and Sovereignity aMumbaibIndian Association of Women`s Studiesc1998 a54p aincludes index and biblioraphy2 adialogue Nov, 1-7,1991. aWomen-India1 aDietrich, Gabriele